Stolice państw najbliżej Bangkoku - Statystyki

Ogólne statystyki
  • Ten quiz został rozwiązany 1 240 razy
  • Średni wynik to 15 z 21
Odpowiedzi na mapie
Odpowiedzi zakodowano w zielono-czerwonej skali na mapie do tego quizu, zgodnie z poniższymi procentami.
 
Statystyki odpowiedzi
Kilometry Odpowiedź % Poprawnych
3 296 Pekin
95%
2 912 Nowe Delhi
91%
3 722 Seul
86%
2 325 Dżakarta
83%
990 Hanoi
83%
1 431 Singapur
82%
1 187 Kuala Lumpur
80%
3 743 Pjongjang
80%
2 214 Manila
75%
3 542 Islamabad
70%
2 543 Tajpej
70%
1 532 Dhaka
69%
2 204 Katmandu
68%
3 140 Male
64%
521 Wientian
63%
541 Phnom Penh
61%
3 717 Dili
50%
2 373 Sri Dźajawardanapura Kotte
49%
1 893 Thimphu
49%
813 Naypyidaw
48%
1 866 Bandar Seri Begawan
45%
Nie znaleziono quizów pasujących do podanych kryteriów
Rozkład punktacji
Procent ludzi z każdym wynikiem
Percentyl według liczby udzielonych odpowiedzi
Twoja historia wyników
Nie rozwiązałeś tego quizu